00517cam a22001457a 4500008004000000082001400040245009500054260002600149300000800175500003200183650003400215700001800249999001900267952008500286180718b1957 xxu||||| |||| 00| 0 eng d aA2:B An72 aAnnals of the social sciences: a bibliographical survey, 1401-1918cedited by Hideo Yamada aTokyobDobunkanc1957 a-v- aContents: v.1., 1957. 560p. aSocial Science - Bibliography aYamada, Hideo c358439d358439 00104070aIIPAbIIPAd1994-01-28oA2:B An72p10596r2018-07-21w2018-07-21yBK